[Event "Mittelfranken-chTB1 1819"]
[Site "Mittelfranken"]
[Date "2019.03.17"]
[Round "7.2"]
[White "Gloth, Gerrit"]
[Black "Pannek, Matthias"]
[Result "1/2-1/2"]
[WhiteElo "1958"]
[BlackElo "1928"]
[PlyCount "60"]
[EventDate "2018.10.14"]
[EventType "team-tourn"]
[EventRounds "9"]
[EventCountry "GER"]
[SourceTitle "EXT 2022"]
[Source "ChessBase"]
[SourceDate "2021.10.06"]
[SourceVersion "1"]
[SourceVersionDate "2021.10.06"]
[SourceQuality "1"]
[WhiteTeam "Erlangen SC III"]
[BlackTeam "Nuernberg SK 1911"]
[WhiteTeamCountry "GER"]
[BlackTeamCountry "GER"]

1. e4 c5 2. Nf3 d6 3. d4 cxd4 4. Nxd4 Nf6 5. Nc3 g6 6. Be3 Bg7 7. f3 0-0 8. Qd2 Nc6 9. 0-0-0 d5 10. Qe1 e5 11. Nxc6 bxc6 12. exd5 Nxd5 13. Bc4 Be6 14. Ne4 Qc8 15. Bc5 Rd8 16. Qh4 h6 17. g4 Qc7 18. g5 h5 19. Qf2 Rab8 20. Rd3 a5 21. Rhd1 a4 22. Qd2 Qb7 23. b3 Kh7 24. Kb1 Rh8 25. Qe1 Ra8 26. Nd6 Qb8 27. Ne4 Nf4 28. Rc3 Nd5 29. Rcd3 Nf4 30. Rc3 Nd5 1/2-1/2

[Event "Mittelfranken-chTB1 1819"]
[Site "Mittelfranken"]
[Date "2019.01.27"]
[Round "4.3"]
[White "Petzold, Vinzenz"]
[Black "Pannek, Matthias"]
[Result "1-0"]
[WhiteElo "1952"]
[BlackElo "1928"]
[PlyCount "145"]
[EventDate "2018.10.14"]
[EventType "team-tourn"]
[EventRounds "9"]
[EventCountry "GER"]
[SourceTitle "EXT 2022"]
[Source "ChessBase"]
[SourceDate "2021.10.06"]
[SourceVersion "1"]
[SourceVersionDate "2021.10.06"]
[SourceQuality "1"]
[WhiteTeam "Nuernberg Zabo Eintracht"]
[BlackTeam "Nuernberg SK 1911"]
[WhiteTeamCountry "GER"]
[BlackTeamCountry "GER"]

1. d4 Nf6 2. c4 g6 3. Nc3 d5 4. cxd5 Nxd5 5. e4 Nxc3 6. bxc3 Bg7 7. Bc4 0-0 8. Ne2 Nc6 9. 0-0 b6 10. Ba3 Bb7 11. Ng3 Qd7 12. Qe2 Na5 13. Bb5 c6 14. Ba6 b5 15. Bxb7 Qxb7 16. e5 Rfd8 17. Ne4 Qc7 18. Rfd1 Nc4 19. Bc5 Nb6 20. Qf3 h6 21. Rac1 Nc4 22. Qe2 Rd5 23. f4 Bf8 24. Rf1 Qd7 25. Rf2 Bg7 26. Rcf1 f5 27. Nd2 Nxd2 28. Qxd2 e6 29. Qb2 Bf8 30. Bxf8 Kxf8 31. Rd2 Kf7 32. Rfd1 Qc7 33. a3 Rad8 34. Kf1 a6 35. g3 c5 36. dxc5 Qxc5 37. Rxd5 Rxd5 38. Rxd5 Qxd5 39. Kg1 Qc5+ 40. Kg2 Ke7 41. h4 Qd5+ 42. Kf2 Kd7 43. Qb4 Kc6 44. Qa5 Kb7 45. Kg1 Qf3 46. Kh2 Qf2+ 47. Kh1 Qxg3 48. Qb4 Qxh4+ 49. Kg2 Qg4+ 50. Kf2 Qh4+ 51. Kg2 Qd8 52. Kg3 g5 53. fxg5 hxg5 54. Qc5 Qd3+ 55. Kf2 g4 56. Qe7+ Kb6 57. Qxe6+ Ka5 58. Qe7 Qf3+ 59. Kg1 Qxc3 60. e6 Qc1+ 61. Kg2 Qd2+ 62. Kg1 f4 63. Qb4+ Qxb4 64. axb4+ Kxb4 65. e7 a5 66. e8Q a4 67. Qe1+ Kb3 68. Qb1+ Kc3 69. Qxb5 a3 70. Qb1 Kd2 71. Qa2+ Ke1 72. Qxa3 f3 73. Qe3+ 1-0

[Event "Mittelfranken-chTB1 1819"]
[Site "Mittelfranken"]
[Date "2018.12.02"]
[Round "3.2"]
[White "Pannek, Matthias"]
[Black "Wittmann, Karl"]
[Result "0-1"]
[WhiteElo "1928"]
[BlackElo "2066"]
[PlyCount "62"]
[EventDate "2018.10.14"]
[EventType "team-tourn"]
[EventRounds "9"]
[EventCountry "GER"]
[SourceTitle "EXT 2022"]
[Source "ChessBase"]
[SourceDate "2021.10.06"]
[SourceVersion "1"]
[SourceVersionDate "2021.10.06"]
[SourceQuality "1"]
[WhiteTeam "Nuernberg SK 1911"]
[BlackTeam "Fuerth SG"]
[WhiteTeamCountry "GER"]
[BlackTeamCountry "GER"]

1. e4 e5 2. Nc3 Nc6 3. Bb5 Nd4 4. Bc4 d6 5. Nge2 Nf6 6. 0-0 Be6 7. Bxe6 Nxe6 8. d3 c6 9. Ng3 g6 10. f4 exf4 11. Bxf4 Nxf4 12. Rxf4 Bh6 13. Rf3 0-0 14. Kh1 Ng4 15. Rb1 Ne5 16. Rf2 Qh4 17. Re2 Bf4 18. Nf1 Qh6 19. Rf2 f5 20. g3 Bg5 21. exf5 gxf5 22. Kg2 Rae8 23. Ne2 f4 24. gxf4 Bxf4 25. Neg3 Bxg3 26. Rxf8+ Rxf8 27. Nxg3 Nf3 28. h3 Qe3 29. Nh1 Nh4+ 30. Kh2 Rf2+ 31. Kg1 Rg2+ 0-1

[Event "Regionalliga Nord-Ost 1718"]
[Site "Bayern"]
[Date "2018.04.15"]
[Round "9.1"]
[White "Pannek, Matthias"]
[Black "Zvara, Petr"]
[Result "0-1"]
[WhiteElo "1968"]
[BlackElo "2379"]
[PlyCount "68"]
[EventDate "2017.10.22"]
[EventType "team-tourn"]
[EventRounds "9"]
[EventCountry "GER"]
[SourceTitle "EXT 2022"]
[Source "ChessBase"]
[SourceDate "2021.10.06"]
[SourceVersion "1"]
[SourceVersionDate "2021.10.06"]
[SourceQuality "1"]
[WhiteTeam "Nuernberg SK 1911"]
[BlackTeam "Schwandorf"]
[WhiteTeamCountry "GER"]
[BlackTeamCountry "GER"]

1. e4 d5 2. Nc3 d4 3. Nce2 c5 4. Ng3 Nc6 5. Bc4 e6 6. f4 Bd7 7. Nf3 Qa5 8. 0-0 b5 9. Be2 Nf6 10. d3 Be7 11. f5 Qc7 12. fxe6 fxe6 13. Ng5 0-0 14. Bf4 Bd6 15. Bxd6 Qxd6 16. Qd2 Ne5 17. Nh3 c4 18. Qg5 h6 19. Qd2 Rac8 20. dxc4 Nxc4 21. Bxc4 bxc4 22. Rae1 Qb6 23. b3 c3 24. Qd1 d3+ 25. Kh1 d2 26. Re2 Bb5 27. Rf3 Bxe2 28. Qxe2 Nd7 29. Nf4 Ne5 30. Rf1 Rcd8 31. Qd1 Qe3 32. Nge2 Ng4 33. h3 Nf2+ 34. Rxf2 Qxf2 0-1

[Event "Regionalliga Nord-Ost 1718"]
[Site "Bayern"]
[Date "2018.03.18"]
[Round "8.1"]
[White "Endres, Christian"]
[Black "Pannek, Matthias"]
[Result "1/2-1/2"]
[WhiteElo "2105"]
[BlackElo "1968"]
[PlyCount "75"]
[EventDate "2017.10.22"]
[EventType "team-tourn"]
[EventRounds "9"]
[EventCountry "GER"]
[SourceTitle "EXT 2022"]
[Source "ChessBase"]
[SourceDate "2021.10.06"]
[SourceVersion "1"]
[SourceVersionDate "2021.10.06"]
[SourceQuality "1"]
[WhiteTeam "Altensittenbach"]
[BlackTeam "Nuernberg SK 1911"]
[WhiteTeamCountry "GER"]
[BlackTeamCountry "GER"]

1. Nf3 Nf6 2. c4 c5 3. g3 d5 4. cxd5 Nxd5 5. Bg2 Nc6 6. Nc3 Nc7 7. 0-0 e5 8. a3 Rb8 9. Rb1 Be7 10. b4 cxb4 11. axb4 b5 12. e3 0-0 13. d4 Bf5 14. Rb3 Nxb4 15. e4 Bg4 16. dxe5 a5 17. Ba3 Ne6 18. Nd5 Nxd5 19. exd5 Bxa3 20. Rxa3 b4 21. Ra1 Nc5 22. Qd4 Bxf3 23. Qxc5 Bxg2 24. Kxg2 Qe8 25. d6 Rb5 26. Qa7 Qxe5 27. d7 Qd5+ 28. Kg1 Rb7 29. Qxa5 Qxd7 30. Rab1 b3 31. Rfd1 Qb5 32. Qc3 h6 33. h4 Ra8 34. Rb2 Ra2 35. Rxa2 bxa2 36. Rd8+ Kh7 37. Qc2+ g6 38. Qxa2 1/2-1/2

[Event "Regionalliga Nord-Ost 1718"]
[Site "Bayern"]
[Date "2018.02.25"]
[Round "7.2"]
[White "Just, Hannes"]
[Black "Pannek, Matthias"]
[Result "0-1"]
[WhiteElo "2065"]
[BlackElo "1968"]
[PlyCount "86"]
[EventDate "2017.10.22"]
[EventType "team-tourn"]
[EventRounds "9"]
[EventCountry "GER"]
[SourceTitle "EXT 2022"]
[Source "ChessBase"]
[SourceDate "2021.10.06"]
[SourceVersion "1"]
[SourceVersionDate "2021.10.06"]
[SourceQuality "1"]
[WhiteTeam "Nuernberg Sued SW II"]
[BlackTeam "Nuernberg SK 1911"]
[WhiteTeamCountry "GER"]
[BlackTeamCountry "GER"]

1. e4 c5 2. b3 Nf6 3. e5 Nd5 4. Bb2 Nc6 5. Nf3 e6 6. g3 Be7 7. Na3 a6 8. Nc4 0-0 9. a4 Na5 10. Ne3 Nxe3 11. dxe3 b6 12. h4 Bb7 13. Bd3 h6 14. h5 Qc7 15. Rg1 c4 16. bxc4 Nxc4 17. Bd4 Bxf3 18. Qxf3 Nxe5 19. Bxe5 Qxe5 20. Rb1 Rab8 21. Ke2 Rfc8 22. g4 Rc3 23. Qh1 Rbc8 24. f4 Rxc2+ 25. Bxc2 Rxc2+ 26. Kf3 Qd5+ 27. Kg3 Qd2 28. Rgf1 Qxe3+ 29. Qf3 Qc5 30. Qa8+ Bf8 31. Rf3 Qd4 32. Rbf1 Qxa4 33. Qe8 Qa2 34. R1f2 d5 35. g5 Rxf2 36. Rxf2 Qa3+ 37. Rf3 Qe7 38. Qxe7 Bxe7 39. gxh6 gxh6 40. f5 Kg7 41. Kg4 e5 42. f6+ Bxf6 43. Kf5 e4 0-1

[Event "Regionalliga Nord-Ost 1718"]
[Site "Bayern"]
[Date "2017.10.22"]
[Round "1.1"]
[White "Egger, Thomas"]
[Black "Pannek, Matthias"]
[Result "1-0"]
[WhiteElo "2142"]
[BlackElo "1968"]
[PlyCount "23"]
[EventDate "2017.10.22"]
[EventType "team-tourn"]
[EventRounds "9"]
[EventCountry "GER"]
[SourceTitle "EXT 2022"]
[Source "ChessBase"]
[SourceDate "2021.10.06"]
[SourceVersion "1"]
[SourceVersionDate "2021.10.06"]
[SourceQuality "1"]
[WhiteTeam "Buechenbach/Roth"]
[BlackTeam "Nuernberg SK 1911"]
[WhiteTeamCountry "GER"]
[BlackTeamCountry "GER"]

1. Nf3 Nf6 2. c4 d5 3. cxd5 Nxd5 4. d4 Bf5 5. Nc3 Nxc3 6. bxc3 g6 7. Qb3 b6 8. Ng5 e6 9. e4 Bg4 10. h3 Be7 11. hxg4 Bxg5 12. Qb5+ 1-0

[Event "Mittelfranken-chTB1 1617"]
[Site "Mittelfranken"]
[Date "2016.11.27"]
[Round "3.1"]
[White "Rausch, Wolfgang"]
[Black "Pannek, Matthias"]
[Result "1-0"]
[WhiteElo "2038"]
[BlackElo "2006"]
[PlyCount "63"]
[EventDate "2016.10.23"]
[EventType "team-tourn"]
[EventRounds "9"]
[EventCountry "GER"]
[SourceTitle "EXT 2022"]
[Source "ChessBase"]
[SourceDate "2021.10.06"]
[SourceVersion "1"]
[SourceVersionDate "2021.10.06"]
[SourceQuality "1"]
[WhiteTeam "Lauf SV"]
[BlackTeam "Nuernberg SK 1911"]
[WhiteTeamCountry "GER"]
[BlackTeamCountry "GER"]

1. d4 Nf6 2. Bg5 e6 3. Nd2 d5 4. e3 c5 5. c3 Nc6 6. f4 Be7 7. Bd3 Qb6 8. Rb1 0-0 9. Qf3 cxd4 10. exd4 h6 11. Bxf6 Bxf6 12. h4 Re8 13. Ne2 e5 14. fxe5 Bxe5 15. 0-0 Bf6 16. Kh1 Be6 17. Nf4 Qd8 18. Rbe1 Qd7 19. Nxe6 Rxe6 20. Bf5 Bxh4 21. Bxe6 fxe6 22. Re2 Bf6 23. Qg4 Kf7 24. Nf3 Qd6 25. Ne5+ Ke7 26. Rfe1 Qc7 27. Nxc6+ bxc6 28. Rxe6+ Kf7 29. Qh5+ Kg8 30. Re8+ Rxe8 31. Rxe8+ Kh7 32. Qf5+ 1-0

[Event "Mittelfranken-chTB2b 1516"]
[Site "Mittelfranken"]
[Date "2016.04.03"]
[Round "8.1"]
[White "Rhein, Thomas"]
[Black "Pannek, Matthias"]
[Result "1/2-1/2"]
[WhiteElo "1905"]
[BlackElo "1987"]
[PlyCount "132"]
[EventDate "2015.10.18"]
[EventType "team-tourn"]
[EventRounds "9"]
[EventCountry "GER"]
[SourceTitle "EXT 2020"]
[Source "ChessBase"]
[SourceDate "2019.10.17"]
[SourceVersion "1"]
[SourceVersionDate "2019.10.17"]
[SourceQuality "1"]
[WhiteTeam "Nuernberg Sued SW V"]
[BlackTeam "Nuernberg SK 1911 II"]
[WhiteTeamCountry "GER"]
[BlackTeamCountry "GER"]

1. d4 d5 2. Nf3 Nf6 3. c4 e6 4. Bg5 Bb4+ 5. Nbd2 dxc4 6. a3 Bxd2+ 7. Qxd2 Qd5 8. Bxf6 gxf6 9. g3 Nc6 10. Bg2 Qa5 11. 0-0-0 Qxd2+ 12. Rxd2 Ne7 13. Rc2 b5 14. Nd2 c6 15. Ne4 Nd5 16. Nxf6+ Ke7 17. Ne4 Bd7 18. Nc5 Rac8 19. e4 Nb6 20. f4 Rhg8 21. Bf3 f6 22. g4 Be8 23. e5 fxe5 24. fxe5 Nd5 25. Bxd5 cxd5 26. Rg1 Bg6 27. Rf2 Rcf8 28. Rgf1 Rxf2 29. Rxf2 Bf7 30. h3 h5 31. Rg2 hxg4 32. hxg4 Rh8 33. Kd2 Rh3 34. Ke2 c3 35. Kd1 Bg6 36. bxc3 Rxc3 37. Rb2 Be8 38. a4 Rc4 39. Rd2 bxa4 40. Rb2 Rxd4+ 41. Ke1 Bc6 42. Rh2 Rxg4 43. Rh7+ Ke8 44. Rc7 Bb5 45. Rxa7 Rg5 46. Ra8+ Kf7 47. Rf8+ Ke7 48. Rb8 Rxe5+ 49. Kd2 Bc6 50. Rb6 Be8 51. Nd3 Rf5 52. Nc5 Rf6 53. Ra6 e5 54. Ra7+ Kd6 55. Ra6+ Kxc5 56. Rxf6 d4 57. Re6 Bb5 58. Rxe5+ Kc4 59. Kc1 d3 60. Re3 Kd4 61. Rxd3+ Kxd3 62. Kb2 Kd2 63. Ka1 Kc2 64. Ka2 Bc4+ 65. Ka1 Bd3 66. Ka2 Kc1 1/2-1/2

[Event "Mittelfranken-chTB2b 1516"]
[Site "Mittelfranken"]
[Date "2016.02.28"]
[Round "7.1"]
[White "Pannek, Matthias"]
[Black "Wagner, Florian"]
[Result "0-1"]
[WhiteElo "1987"]
[BlackElo "2109"]
[PlyCount "80"]
[EventDate "2015.10.18"]
[EventType "team-tourn"]
[EventRounds "9"]
[EventCountry "GER"]
[SourceTitle "EXT 2020"]
[Source "ChessBase"]
[SourceDate "2019.10.17"]
[SourceVersion "1"]
[SourceVersionDate "2019.10.17"]
[SourceQuality "1"]
[WhiteTeam "Nuernberg SK 1911 II"]
[BlackTeam "Nuernberg NT IV"]
[WhiteTeamCountry "GER"]
[BlackTeamCountry "GER"]

1. Nc3 d5 2. e4 d4 3. Nce2 c5 4. Ng3 Nc6 5. Bc4 Na5 6. Bb5+ Bd7 7. Bxd7+ Qxd7 8. d3 Nf6 9. Nf3 g6 10. Bg5 Qb5 11. Qd2 Qxb2 12. 0-0 Qb6 13. Bxf6 exf6 14. Rfe1 Be7 15. e5 f5 16. Ne2 0-0-0 17. c3 dxc3 18. Qxc3 Kb8 19. Reb1 Qa6 20. Nc1 Nc6 21. Rb2 c4 22. Rab1 b6 23. d4 Rd5 24. Ne2 g5 25. Rc2 Na5 26. Ng3 Qc8 27. Nd2 Rhd8 28. Ne2 f6 29. Nf1 f4 30. Nd2 fxe5 31. dxe5 Qc5 32. h3 Rd3 33. Qb2 c3 34. Nxc3 Qxe5 35. Nf3 Qf6 36. a4 Nc4 37. Qb3 Na3 38. Rbc1 Nxc2 39. Rxc2 Rc8 40. Nd5 Rxb3 0-1

[Event "Mittelfranken-chTB1 1415"]
[Site "Mittelfranken"]
[Date "2015.02.08"]
[Round "6.7"]
[White "Pannek, Matthias"]
[Black "Krisin, Joachim"]
[Result "1-0"]
[WhiteElo "1987"]
[BlackElo "1827"]
[PlyCount "155"]
[EventDate "2014.09.29"]
[EventType "team-tourn"]
[EventRounds "9"]
[EventCountry "GER"]
[SourceTitle "EXT 2020"]
[Source "ChessBase"]
[SourceDate "2019.10.17"]
[SourceVersion "1"]
[SourceVersionDate "2019.10.17"]
[SourceQuality "1"]
[WhiteTeam "Nuernberg SK 1911"]
[BlackTeam "Siemens Erlangen"]
[WhiteTeamCountry "GER"]
[BlackTeamCountry "GER"]

1. Nc3 c5 2. e4 Nc6 3. f4 d6 4. Bc4 g6 5. Nf3 Bg7 6. 0-0 e6 7. f5 Nge7 8. fxe6 Bxe6 9. Bxe6 fxe6 10. d3 0-0 11. Qe1 Nd4 12. Qh4 Nxf3+ 13. gxf3 Nc6 14. Qxd8 Raxd8 15. Ne2 Nd4 16. Nxd4 Bxd4+ 17. Kg2 d5 18. c3 Bg7 19. Bg5 Rd7 20. Rae1 h6 21. Be3 d4 22. cxd4 cxd4 23. Bd2 Rc7 24. Rc1 Rfc8 25. Rxc7 Rxc7 26. Rc1 Rxc1 27. Bxc1 g5 28. Kg3 Kf7 29. f4 Kg6 30. fxg5 hxg5 31. Kg4 Bf6 32. a4 a6 33. Bd2 b5 34. axb5 axb5 35. Bb4 Be5 36. h3 Bf4 37. h4 Bc1 38. h5+ Kh6 39. b3 Bf4 40. Be7 Bd2 41. Bd6 Bc1 42. Be5 Be3 43. Bf6 Bg1 44. Bxg5+ Kg7 45. Bf4 Bf2 46. Kf3 Be1 47. Be5+ Kh6 48. Bxd4 Kxh5 49. Kf4 Kg6 50. Ke5 Kf7 51. Kd6 b4 52. Kc5 Bc3 53. Kc4 Bd2 54. Bc5 Kf6 55. Bxb4 Be3 56. Bc5 Bf4 57. d4 Kf7 58. Kb5 Ke8 59. Kc6 Kd8 60. Bd6 Be3 61. Bc5 Bf4 62. Ba7 Bg3 63. b4 Be1 64. b5 Bf2 65. Kd6 e5 66. Kxe5 Kd7 67. Kf6 Ke8 68. Ke6 Be3 69. Kd6 Kd8 70. e5 Bf2 71. Bc5 Bg3 72. d5 Bf4 73. Ke6 Bd2 74. Kf7 Bg5 75. e6 Kc7 76. d6+ Kd8 77. e7+ Bxe7 78. dxe7+ 1-0

[Event "Mittelfranken-chTB1 1415"]
[Site "Mittelfranken"]
[Date "2014.11.16"]
[Round "3.8"]
[White "Neumann, Robert"]
[Black "Pannek, Matthias"]
[Result "1/2-1/2"]
[WhiteElo "1855"]
[BlackElo "1987"]
[PlyCount "116"]
[EventDate "2014.09.29"]
[EventType "team-tourn"]
[EventRounds "9"]
[EventCountry "GER"]
[SourceTitle "EXT 2020"]
[Source "ChessBase"]
[SourceDate "2019.10.17"]
[SourceVersion "1"]
[SourceVersionDate "2019.10.17"]
[SourceQuality "1"]
[WhiteTeam "Nuernberg NT III"]
[BlackTeam "Nuernberg SK 1911"]
[WhiteTeamCountry "GER"]
[BlackTeamCountry "GER"]

1. d4 d5 2. Nf3 Nf6 3. g3 g6 4. Bg2 Bg7 5. c4 c6 6. b3 0-0 7. 0-0 Bf5 8. Bb2 Nbd7 9. Nc3 dxc4 10. bxc4 Nb6 11. Ne5 Nfd7 12. f4 Nxe5 13. fxe5 Nxc4 14. Bc1 Qa5 15. Qb3 Be6 16. Qc2 Rfd8 17. e3 Nxe5 18. dxe5 Qxe5 19. Bd2 Rxd2 20. Qxd2 Qxc3 21. Qxc3 Bxc3 22. Rab1 Rb8 23. Bxc6 b6 24. a4 Rc8 25. Bb5 Bd2 26. Kf2 Rc3 27. e4 Bg4 28. Kg2 Bg5 29. Rbe1 Rc2+ 30. Rf2 Bh3+ 31. Kg1 Rc3 32. Kh1 Be3 33. Rf3 Bd4 34. Rxc3 Bxc3 35. Rc1 Be5 36. Bf1 Be6 37. Bc4 Bd7 38. Bb5 Be6 39. Bc4 Bd7 40. Bb3 Kg7 41. Kg2 h5 42. h4 f6 43. Rc2 Bd6 44. Ra2 Bb4 45. Rc2 Bd6 46. Ra2 Bb4 47. Bc4 Bc6 48. Bd5 Bd7 49. Bb3 Bg4 50. Rc2 Bd6 51. Rc1 Be5 52. Bd5 Bd7 53. Bc6 Be6 54. Rd1 Bd6 55. Rc1 Bc5 56. Rd1 Bd6 57. Rb1 Bc5 58. Rd1 Bd6 1/2-1/2

[Event "Mittelfranken-chTB1 1415"]
[Site "Mittelfranken"]
[Date "2014.10.12"]
[Round "2.8"]
[White "Pannek, Matthias"]
[Black "Nickmann, Peter"]
[Result "1/2-1/2"]
[WhiteElo "1987"]
[BlackElo "1854"]
[PlyCount "55"]
[EventDate "2014.09.29"]
[EventType "team-tourn"]
[EventRounds "9"]
[EventCountry "GER"]
[SourceTitle "EXT 2020"]
[Source "ChessBase"]
[SourceDate "2019.10.17"]
[SourceVersion "1"]
[SourceVersionDate "2019.10.17"]
[SourceQuality "1"]
[WhiteTeam "Nuernberg SK 1911"]
[BlackTeam "Fuerth SF"]
[WhiteTeamCountry "GER"]
[BlackTeamCountry "GER"]

1. Nc3 g6 2. e4 Bg7 3. d4 e5 4. Nf3 exd4 5. Nxd4 d6 6. Be3 Nf6 7. Be2 Bd7 8. Qd2 Nc6 9. f3 0-0 10. 0-0-0 Nxd4 11. Bxd4 Bc6 12. g4 Qd7 13. h4 b5 14. g5 Nh5 15. Bxg7 Nxg7 16. Nd5 Bxd5 17. Qxd5 Rab8 18. f4 Qe6 19. h5 gxh5 20. Bxh5 Nxh5 21. Rxh5 Qxd5 22. exd5 Kg7 23. Rdh1 Rh8 24. f5 Rbe8 25. f6+ Kg6 26. Rh6+ Kxg5 27. R1h5+ Kg4 28. Rh4+ 1/2-1/2

[Event "Mittelfranken-chTB1 1213"]
[Site "Germany"]
[Date "2013.04.21"]
[Round "9.3"]
[White "Hepting, Heinrich"]
[Black "Pannek, Matthias"]
[Result "1/2-1/2"]
[WhiteElo "2140"]
[BlackElo "1957"]
[PlyCount "82"]
[EventDate "2012.10.07"]
[EventType "team-tourn"]
[EventRounds "9"]
[EventCountry "GER"]
[SourceTitle "EXT 2019"]
[Source "ChessBase"]
[SourceDate "2018.10.10"]
[SourceVersion "1"]
[SourceVersionDate "2018.10.10"]
[SourceQuality "1"]
[WhiteTeam "Fuerth SZ"]
[BlackTeam "Nuernberg SK 1911"]
[WhiteTeamCountry "GER"]
[BlackTeamCountry "GER"]

1. Nf3 d5 2. c4 d4 3. b4 Bg4 4. Bb2 Bxf3 5. exf3 Nf6 6. d3 e5 7. a3 c5 8. bxc5 Nbd7 9. Qa4 Bxc5 10. Nd2 0-0 11. g3 Bb6 12. Nb3 Qc7 13. Bh3 a5 14. Nd2 Nc5 15. Qc2 a4 16. 0-0 Ba5 17. Rab1 Qc6 18. Bc1 Nfd7 19. Ne4 f5 20. Nxc5 Nxc5 21. Bg2 Bc3 22. Bd2 Bxd2 23. Qxd2 Nb3 24. Qb4 Ra6 25. Rfd1 Re8 26. Rb2 Rb6 27. Qe1 Qd6 28. Re2 Qe7 29. f4 Re6 30. Bd5 e4 31. dxe4 Kh8 32. Bxe6 Qxe6 33. e5 Qxc4 34. e6 d3 35. Re3 d2 36. Rxd2 Nxd2 37. Qxd2 h6 38. h3 Rxe6 39. Qd8+ Kh7 40. Qd7 Qc1+ 41. Kh2 Qc2 1/2-1/2

[Event "Mittelfranken-chTB1 1213"]
[Site "Germany"]
[Date "2013.01.27"]
[Round "1.4"]
[White "Haeckler, Daniel"]
[Black "Pannek, Matthias"]
[Result "1/2-1/2"]
[WhiteElo "2074"]
[BlackElo "1957"]
[PlyCount "44"]
[EventDate "2012.10.07"]
[EventType "team-tourn"]
[EventRounds "9"]
[EventCountry "GER"]
[SourceTitle "EXT 2019"]
[Source "ChessBase"]
[SourceDate "2018.10.10"]
[SourceVersion "1"]
[SourceVersionDate "2018.10.10"]
[SourceQuality "1"]
[WhiteTeam "Buechenbach/Roth"]
[BlackTeam "Nuernberg SK 1911"]
[WhiteTeamCountry "GER"]
[BlackTeamCountry "GER"]

1. e4 c5 2. Nf3 d6 3. c3 Nf6 4. d3 Nc6 5. Be2 g6 6. 0-0 Bg7 7. Be3 0-0 8. Nbd2 e5 9. a3 a5 10. b3 Re8 11. Rb1 b6 12. b4 axb4 13. axb4 cxb4 14. cxb4 d5 15. Qc2 Bb7 16. Rfc1 Nd4 17. Nxd4 exd4 18. Bg5 Rc8 19. Qa4 Qd7 20. Qxd7 Nxd7 21. f3 Rc3 22. Nb3 Rec8 1/2-1/2

[Event "Mittelfranken-chTB1 1112"]
[Site "Germany"]
[Date "2012.03.11"]
[Round "8.6"]
[White "Pannek, Matthias"]
[Black "Hoffmann, Ayar"]
[Result "1/2-1/2"]
[WhiteElo "1957"]
[BlackElo "1832"]
[PlyCount "32"]
[EventDate "2011.09.25"]
[EventType "team-tourn"]
[EventRounds "9"]
[EventCountry "GER"]
[SourceTitle "EXT 2018"]
[Source "ChessBase"]
[SourceDate "2017.10.13"]
[SourceVersion "1"]
[SourceVersionDate "2017.10.13"]
[SourceQuality "1"]
[WhiteTeam "Nuernberg SK 1911"]
[BlackTeam "Postbauer Heng"]
[WhiteTeamCountry "GER"]
[BlackTeamCountry "GER"]

1. Nc3 d5 2. e4 c6 3. Nf3 dxe4 4. Nxe4 Bf5 5. Ng3 Bg6 6. h4 h6 7. h5 Bh7 8. d4 e6 9. Bd3 Bxd3 10. Qxd3 Nf6 11. c4 Nbd7 12. Bd2 Qb6 13. Bc3 Be7 14. 0-0 Rd8 15. Qe2 0-0 16. Rad1 Qc7 1/2-1/2

[Event "Mittelfranken-chTB1 1112"]
[Site "Germany"]
[Date "2012.01.15"]
[Round "5.6"]
[White "Lutzky, Manfred"]
[Black "Pannek, Matthias"]
[Result "1/2-1/2"]
[WhiteElo "1913"]
[BlackElo "1945"]
[PlyCount "118"]
[EventDate "2011.09.25"]
[EventType "team-tourn"]
[EventRounds "9"]
[EventCountry "GER"]
[SourceTitle "EXT 2013"]
[Source "ChessBase"]
[SourceDate "2012.11.22"]
[SourceVersion "1"]
[SourceVersionDate "2012.11.22"]
[SourceQuality "1"]
[WhiteTeam "Nuernberg NT IV"]
[BlackTeam "Nuernberg SK 1911"]
[WhiteTeamCountry "GER"]
[BlackTeamCountry "GER"]

1. e4 c5 2. c3 d5 3. exd5 Qxd5 4. d4 cxd4 5. cxd4 Nc6 6. Nf3 e5 7. Nc3 Bb4 8. Bd2 Bxc3 9. Bxc3 e4 10. Ne5 Nxe5 11. dxe5 Ne7 12. Qa4+ Bd7 13. Qb4 a5 14. Qa3 b5 15. Rd1 b4 16. Rxd5 bxa3 17. Rd2 axb2 18. Bxb2 Bc6 19. Bc4 0-0 20. 0-0 Ba4 21. Re1 Rfd8 22. Rde2 Bc6 23. e6 f5 24. Ba3 Kf8 25. Rc2 Ba4 26. Rc3 Rac8 27. Rec1 Rd2 28. Bb3 Rxc3 29. Rxc3 Be8 30. Rc7 a4 31. Bxe7+ Kg8 32. Bc2 h6 33. Kf1 Bb5+ 34. Ke1 Re2+ 35. Kd1 Rxf2 36. Bh4 Rxg2 37. e7 Rxh2 38. Bg3 Rg2 39. Be5 e3 40. Bxf5 Rg1+ 41. Kc2 Kf7 42. Bd3 Rg2+ 43. Kc3 Bxd3 44. Kxd3 e2 45. Bc3 Rg6 46. Kxe2 Re6+ 47. Kd3 Rxe7 48. Rxe7+ Kxe7 49. Bxg7 Kd6 50. Bf6 Kc6 51. Kc4 h5 52. Bh4 Kb6 53. a3 Kb7 54. Kb5 Ka8 55. Kxa4 Kb7 56. Kb5 Ka8 57. Kc6 Kb8 58. a4 Ka8 59. a5 Ka7 1/2-1/2

[Event "Mittelfranken-chTB1 1112"]
[Site "Germany"]
[Date "2011.09.25"]
[Round "1.4"]
[White "Pannek, Matthias"]
[Black "Kirch, Dietmar"]
[Result "1-0"]
[WhiteElo "1945"]
[BlackElo "2013"]
[PlyCount "57"]
[EventDate "2011.09.25"]
[EventType "team-tourn"]
[EventRounds "9"]
[EventCountry "GER"]
[SourceTitle "EXT 2013"]
[Source "ChessBase"]
[SourceDate "2012.11.22"]
[SourceVersion "1"]
[SourceVersionDate "2012.11.22"]
[SourceQuality "1"]
[WhiteTeam "Nuernberg SK 1911"]
[BlackTeam "Buechenbach/Roth"]
[WhiteTeamCountry "GER"]
[BlackTeamCountry "GER"]

1. Nc3 d5 2. e4 dxe4 3. Nxe4 g6 4. Nf3 Bg7 5. Bc4 Nh6 6. 0-0 0-0 7. d4 Nf5 8. c3 Nd6 9. Nxd6 cxd6 10. Be3 d5 11. Bb3 Nc6 12. h3 b5 13. Qd2 Re8 14. Bh6 Bf6 15. Bg5 e6 16. Qf4 Bxg5 17. Nxg5 Re7 18. Rfe1 Kg7 19. h4 Qc7 20. Qf3 f6 21. Nh3 Nd8 22. h5 Nf7 23. hxg6 hxg6 24. Bc2 f5 25. Nf4 Ng5 26. Qg3 Kf6 27. Bxf5 Bb7 28. Bxe6 Rh8 29. Re5 1-0

[Event "Mittelfranken-chTB2a 0809"]
[Site "Mittelfranken"]
[Date "2009.02.08"]
[Round "6.6"]
[White "Junk, Philipp"]
[Black "Pannek, Matthias"]
[Result "1/2-1/2"]
[WhiteElo "1661"]
[BlackElo "1923"]
[PlyCount "55"]
[EventDate "2008.10.12"]
[EventType "team"]
[EventRounds "9"]
[EventCountry "GER"]
[SourceTitle "EXT 2011"]
[Source "ChessBase"]
[SourceDate "2010.11.26"]
[SourceVersion "1"]
[SourceVersionDate "2010.11.26"]
[SourceQuality "1"]
[WhiteTeam "Nuernberg NT V"]
[BlackTeam "Nuernberg SK 1911"]
[WhiteTeamCountry "GER"]
[BlackTeamCountry "GER"]

1. e4 c5 2. Nf3 d6 3. d4 cxd4 4. Nxd4 Nf6 5. Nc3 g6 6. Be2 Bg7 7. Be3 Nc6 8. Qd2 Ng4 9. Bxg4 Bxg4 10. f3 Bd7 11. 0-0-0 Qa5 12. Kb1 Rc8 13. Nd5 Qxd2 14. Rxd2 Ne5 15. b3 Bc6 16. c4 Bxd5 17. exd5 a6 18. Re1 0-0 19. Bg5 f6 20. Bh4 Rfe8 21. f4 Bh6 22. Bg3 Kf7 23. Ne6 Nd7 24. Bf2 b5 25. Rc2 bxc4 26. bxc4 Ra8 27. a4 Reb8+ 28. Ka2 1/2-1/2